00382nam a2200157Ia 4500008004100000020001500041082001700056100001400073245003200087250000800119260002900127300001100156500002500167650001500192700001700207230524s9999 xx 000 0 und d a8121924960 a621.382bMEH aV.K.Mehta 0aPrinciples of Power Systems a1ST aNEW DELHIbS.Chandc2005 aXV;608 aQuantity Number: 63 aElectrical a Rohit Mehta